| 000 | 00403nam a2200157Ia 4500 | ||
|---|---|---|---|
| 008 | 230312s9999||||xx |||||||||||||| ||und|| | ||
| 020 | _a0-07-304395-8 | ||
| 082 |
_a909.82 _bWOR |
||
| 100 | _aRourke John , T. | ||
| 245 | 0 | _aTaking Sides | |
| 260 |
_bMcGraw Hill _aUSA _c2005 |
||
| 300 | _a391 | ||
| 546 | _aEng. | ||
| 650 |
_aArchitecture _vGloblization , Regional Issues , Economic Issues |
||
| 942 | _cBK | ||
| 999 |
_c157 _d157 |
||